000 00518nam a22001817a 4500
003 UA-OsUOA
001 11522
007 ta
008 20050323b un ||||| |||| 00| 0 ukr d
100 _aГолованенко В.
942 _cSA
040 _aUA-OsUOA
_cUA-OsUOA
_dUA-OsUOA
245 _aСмерть з океану
_b[Цунамі в Таїланді]
300 _aС.8-9
955 _a0
773 0 _w0
_tНауковий світ
_dКиїв
_d2005
_g№3
650 7 _aНадзвичайні ситуації
_2UDC
999 _c297683
_d297683